あいさつの魔法 歌詞 - Statistics

General Stats
  • This quiz has been taken 121 times
  • The average score is 18 of 32
Answer Stats
% Correct
こんにちは
90%
こんにちは
90%
ありがとう
87%
さようなら
83%
おはよう
81%
ポポポポ~ン
80%
ポポポポ~ン
80%
ありがとウサギ
74%
ありがとウサギ
74%
こんばんは
72%
たのしいなかまが
69%
こんにちワン
68%
まほうのことばで
68%
こんにちワン
68%
さよなライオン
65%
おはよウナギ
61%
こんばんワニ
60%
いただきます
56%
いってきます
50%
いただきマウス
43%
ごちそうさま
43%
ただいま
41%
おやすみなさい
38%
ゆかいななかまが
35%
いってきまスカンク
34%
あいさつするたび
33%
おやすみなサイ
31%
ともだちふえるね
31%
ただいマンボウ
28%
ごちそうさマウス
27%
すてきなことばで
26%
ありがとう~
3%
No matching quizzes found
Score Distribution
Percent of People with Each Score
Percentile by Number Answered
Your Score History
You have not taken this quiz